Statistics for Galicia Region Quiz

Click here to take the quiz!

General Stats

  • This quiz has been taken 189 times
  • The average score is 8 of 13

Answer Stats

HintAnswer% Correct
Second largest city: La or A ____Coruña
95%
The saint's resting place lies in this city, which is also named after himSantiago de Compostela
93%
Largest cityVigo
91%
Galician is most closely related to this foreign languagePortuguese
84%
Despite being born in the region, this generalísimo suppressed Galician cultureFrancisco Franco
82%
What did the MV Prestige spill in 2002?Oil
59%
Spanish word for naval fleet. It left the second largest city in 1588 in a vain attack on England.Armada
58%
Poland
51%
There exists another region called Galicia. Name the two countries it is part of.Ukraine
48%
Woodwind instrument, locally known as gaitaBagpipe
44%
A pilgrimage route stretching Europe, decided to this saint, ends in GaliciaSt. James
44%
Galicia derives its name from a tribe of this ancient group of peoplesCelts
43%
Sea animal that represents the saintScallop
43%

Score Distribution

Percentile by Number Answered

Percent of People with Each Score

Your Score History

You have not taken this quiz